Normal view MARC view
  • Pinilla, Fernando

Entry Nombre Personal

Number of records used in: 1

001 - NUMERO DE CONTROL

  • campo de control: 59262

003 - IDENTIFICADOR DE NUMERO DE CONTROL

  • campo de control: DLC

005 - FECHA Y HORA DE LA ÜLTIMA TRANSACCIÓN

  • campo de control: 20260415113357.0

008 - DATOS DE LONGITUD FIJA

  • campo de control de longitud fija: 151021n| acannaabn |n aaa c

010 ## - NÚMERO DE CONTROL DE LA BIBLIOTECA DEL CONGRESO

  • Número de control LC: no2015141471

035 ## - NUMERO DE CONTROL

  • Número de control: (OCoLC)oca10301612

040 ## - FUENTE DE CATALOGACIÓN

  • Agencia original de catalogación: TxU
  • Lenguaje de catalogación: spa
  • Description conventions: rda
  • Agencia de transcripción: TxU
  • Agencia que lo modifica: MX-MxUPN

100 1# - ENCABEZAMIENTO - NOMBRE PERSONAL

  • Nombre personal: Pinilla, Fernando

370 ## - LUGAR ASOCIADO

  • Associated country: Colombia
  • Place of birth: Barranquilla (Colombia)
  • Place of residence/headquarters: Venezuela
  • Fuente del término: naf

377 ## - LENGUA ASOCIADA

  • Language code: spa

670 ## - FUENTE EN LA QUE SE LOCALIZARON DATOS

  • Cita de la fuente: El susurro de la mariposa, 2014:
  • Información localizada: portada (Fernando Pinilla) solapa (b. Barranquilla, Colombia; lives in Venezuela since an early age; illustrator, cartoonist, journalist and author)

670 ## - FUENTE EN LA QUE SE LOCALIZARON DATOS

  • Cita de la fuente: Ahí vienen los bomberos, 2005 :
  • Información localizada: portada (Fernando Pinilla)

902 ## - CATALOGADOR

  • Catalogador: VíctorGodínez/150426